000 00894nam a2200277 a 4500
005 20191224041527.0
008 140220b1995 ck |||||rm||| 00| 0 spa d
040 _aCO-BoIAVH
_cCO-BoIAVH
041 _aspa
044 _ack
090 _aTE
_b00202
100 _aSantos Gómez, Mery
245 _aFenología de cuatro cactáceas y su relación con polinizadores y dispersores en el enclave seco de La Tatacoa, Huila, Colombia
260 _aBogotá
_bUniversidad de los Andes
_c1995
300 _a63 p.
650 _aInteracción ecológica
650 _aFenología
650 _aCactáceas
650 _aPolinización
650 _aDispersión
650 _aBiología de una especie
650 _aBiología reproductiva
650 _aZonas áridas
662 _aColombia
_cDesierto de La Tatacoa
_bHuila
942 _cTESIS
_2z
999 _c400
_d400